| 000 | 00851cab a2200241 4500 | ||
|---|---|---|---|
| 001 | ABS58024 | ||
| 008 | 090401t1997 xxu||||| |||| 00| 0 eng d | ||
| 035 | _a(Sirsi) u82602 | ||
| 041 | _aeng | ||
| 100 | _aCottam, G. | ||
| 245 | _aTender promises can end in tears | ||
| 260 | _c1997 | ||
| 350 | _a0 | ||
| 490 |
_aConstruction News _v(6544) 4 December 1997, 20(1) |
||
| 520 | _aOutlines the options available for deciding who pays for additional costs arising from events unforeseen when the tender was accepted. Reference to "Willmott Dixon Housing Southern Ltd v LB Merton". | ||
| 650 | _aADDITIONAL COSTS | ||
| 650 | _aICE CONDITIONS OF CONTRACT | ||
| 650 | _aUNFORESEEN CIRCUMSTANCES | ||
| 650 | _aWILLMOTT DIXON HOUSING SOUTHERN LTD V MERTON LBC | ||
| 690 | _aBUILT ENVIRONMENT-BUILDING COSTS | ||
| 942 | _n0 | ||
| 948 | _c10/12/1997 | ||
| 999 |
_c52173 _d52173 |
||